000 00281nam a2200121Ia 4500
008 190216s9999||||xx |||||||||||||| ||und||
100 _aTheral O Moore
245 0 _aComplex Analysis
260 _bAllied Publications
_c1995
300 _a391
650 _aMathematics
942 _cBK
999 _c31809
_d31809